| Tag |
First Indicator |
Second Indicator |
Subfields |
| LEADER |
00000cam a2200000 a 4500 |
| 001 |
in00000010570 |
| 005 |
20151007051411.0 |
| 008 |
860611s1986 nyu 10000 eng d |
| 020 |
|
|
|z 093066505 (pbk.)
|
| 035 |
|
|
|a (OCoLC)13718775
|
| 035 |
|
|
|9 AAA2788AM
|
| 040 |
|
|
|a IAV
|c IAV
|d m/c
|d TXA
|d UtOrBLW
|
| 043 |
|
|
|a e-uk-en
|a n-us-ma
|
| 049 |
|
|
|a TXAM
|c [A12545657]
|
| 050 |
|
4 |
|a RD575
|b .C57 1986
|
| 245 |
0 |
0 |
|a Clinical experiences in England and Boston /
|c symposium chairman and series editor, Richard L. Simmons.
|
| 264 |
|
1 |
|a [New York, N.Y.] :
|b Park Row Publishers,
|c [1986]
|
| 264 |
|
4 |
|c ©1986
|
| 300 |
|
|
|a 16 pages ;
|c 23 cm.
|
| 336 |
|
|
|a text
|b txt
|2 rdacontent
|
| 337 |
|
|
|a unmediated
|b n
|2 rdamedia
|
| 338 |
|
|
|a volume
|b nc
|2 rdacarrier
|
| 490 |
1 |
|
|a Immunotherapy and renal transplantation ;
|v 2
|
| 500 |
|
|
|a Cover title.
|
| 500 |
|
|
|a "Second in a series of monographs based on the workshop "Immunotherapy and Renal Transplantation" held on June 21, 1985, in New York City."
|
| 500 |
|
|
|a Symposium was created and produced by Park Row Publishers, and sponsored by University of Minnesota, Twin Cities.
|
| 650 |
|
0 |
|a Kidneys
|x Transplantation
|x Congresses.
|
| 650 |
|
0 |
|a Immunotherapy
|x Congresses.
|
| 700 |
1 |
|
|a Simmons, Richard L.,
|d 1934-
|
| 710 |
2 |
|
|a Park Row Publishers.
|
| 710 |
2 |
|
|a University of Minnesota.
|
| 830 |
|
0 |
|a Immunotherapy and renal transplantation ;
|v 2.
|
| 999 |
|
|
|a MARS
|
| 999 |
f |
f |
|s 2e5018cf-7b8d-3587-9398-e070f216e801
|i e5a6f195-0e7b-38ac-b687-b79494533f8c
|t 0
|
| 952 |
f |
f |
|p ric
|a Texas A&M University
|b Rellis Campus
|c Joint Library Facility
|d Remote Storage
|t 0
|e RD575 .C57 1986
|h Library of Congress classification
|i unmediated -- volume
|m A14812545657
|
| 998 |
f |
f |
|a RD575 .C57 1986
|t 0
|l Remote Storage
|